[Event "AUT_chT 2012/13"]
[Site "Hohenems"]
[Date "2013.03.22"]
[Round "9"]
[Board "2"]
[White "Hera, Imre"]
[Black "Predojevic, Borki"]
[Result "1/2-1/2"]
[WhiteElo "2575"]
[BlackElo "2607"]
[PlyCount "62"]
[EventDate "2012.11.02"]
[EventType "team"]
[EventRounds "11"]
[EventCountry "AUT"]
[WhiteTeam "SK Sparkasse Fuerstenfeld"]
[BlackTeam "SK MPOE Maria Saal"]

1. d4 e6 2. Nf3 c5 3. e3 Nf6 4. c4 d6 5. Nc3 Nbd7 6. Be2 Be7 
7. O-O O-O 8. d5 e5 9. e4 Ne8 10. a3 g6 11. Rb1 f5 12. b4 b6 
13. Ne1 Bg5 14. Bxg5 Qxg5 15. exf5 gxf5 16. f4 Qg7 17. Qd2 Kh8 18. Nc2 exf4 
19. Rxf4 Ne5 20. Rbf1 Ng6 21. R4f2 Nf6 22. Ne1 Bd7 23. Nd3 Rae8 24. bxc5 bxc5 
25. Nf4 Ne4 26. Nxe4 Rxe4 27. Bd3 Nxf4 28. Rxf4 Qd4+ 29. Kh1 Rfe8 30. h4 Rxf4 
31. Rxf4 Qe3 1/2-1/2

[Event "AUT_chT 2012/13"]
[Site "Hohenems"]
[Date "2013.03.22"]
[Round "9"]
[Board "3"]
[White "Buhmann, Rainer"]
[Black "Szabo Gergely, Andras Gyula"]
[Result "1/2-1/2"]
[WhiteElo "2593"]
[BlackElo "2545"]
[PlyCount "103"]
[EventDate "2012.11.02"]
[EventType "team"]
[EventRounds "11"]
[EventCountry "AUT"]
[WhiteTeam "SK MPOE Maria Saal"]
[BlackTeam "SK Sparkasse Fuerstenfeld"]

1. Nf3 c5 2. c4 Nc6 3. Nc3 Nf6 4. g3 e6 5. Bg2 d5 6. cxd5 Nxd5 
7. O-O Nc7 8. a3 Be7 9. e3 O-O 10. d4 cxd4 11. Nxd4 Nxd4 12. exd4 Rb8 
13. Re1 b6 14. Bf4 Bd6 15. Be5 Bb7 16. Bxb7 Rxb7 17. Qf3 Rb8 18. Rad1 Qe7 
19. Bxd6 Qxd6 20. d5 Nxd5 21. Nxd5 exd5 22. Qxd5 Qxd5 23. Rxd5 Rb7 24. Red1 g6 
25. Rd7 Rfb8 26. g4 h6 27. h4 a5 28. Kg2 Kg7 29. Kf3 b5 30. Rxb7 Rxb7 
31. Rd5 a4 32. Rd4 Kf6 33. Ke4 Rc7 34. Rd6+ Ke7 35. Rb6 Rc4+ 36. Kf3 Rc5 
37. Ke3 Re5+ 38. Kd3 Rd5+ 39. Ke3 Re5+ 40. Kf3 Rc5 41. Kg3 Kf8 42. f3 Kg7 
43. Kf4 h5 44. g5 Rc4+ 45. Kg3 Rc5 46. Rb7 Rd5 47. Kf4 Rd4+ 48. Ke3 Rxh4 
49. Rxb5 Rh2 50. Rb4 h4 51. Rxa4 Rxb2 52. Rxh4 1/2-1/2

[Event "AUT_chT 2012/13"]
[Site "Hohenems"]
[Date "2013.03.22"]
[Round "9"]
[Board "4"]
[White "Farago, Ivan"]
[Black "Pavasovic, Dusko"]
[Result "1/2-1/2"]
[WhiteElo "2472"]
[BlackElo "2557"]
[PlyCount "65"]
[EventDate "2012.11.02"]
[EventType "team"]
[EventRounds "11"]
[EventCountry "AUT"]
[WhiteTeam "SK Sparkasse Fuerstenfeld"]
[BlackTeam "SK MPOE Maria Saal"]

1. d4 d5 2. c4 e6 3. Nf3 Nf6 4. Nc3 c6 5. cxd5 exd5 6. Qc2 Na6 
7. Bg5 h6 8. Bh4 Nb4 9. Qb1 g6 10. Bxf6 Qxf6 11. Qd1 Bf5 12. Rc1 Bd6 
13. e3 a5 14. a3 Na6 15. Bd3 O-O 16. Bxf5 Qxf5 17. O-O Nc7 18. Qc2 Qxc2 
19. Rxc2 Ne6 20. g3 g5 21. Rb1 f5 22. Kg2 Rf6 23. b4 axb4 24. axb4 f4 
25. gxf4 gxf4 26. e4 Rg6+ 27. Kf1 Ra3 28. exd5 cxd5 29. Nh4 Nxd4 30. Nxg6 Nxc2 
31. Nb5 Ra6 32. Nxd6 Rxd6 33. Nxf4 1/2-1/2

[Event "AUT_chT 2012/13"]
[Site "Hohenems"]
[Date "2013.03.22"]
[Round "9"]
[Board "5"]
[White "Tratar, Marko"]
[Black "Kuba, Guenter"]
[Result "1/2-1/2"]
[WhiteElo "2512"]
[BlackElo "2387"]
[PlyCount "72"]
[EventDate "2012.11.02"]
[EventType "team"]
[EventRounds "11"]
[EventCountry "AUT"]
[WhiteTeam "SK MPOE Maria Saal"]
[BlackTeam "SK Sparkasse Fuerstenfeld"]

1. d4 d5 2. c4 e6 3. Nc3 Nf6 4. Bg5 Be7 5. e3 O-O 6. Nf3 h6 
7. Bh4 b6 8. Be2 Bb7 9. Bxf6 Bxf6 10. cxd5 exd5 11. b4 c6 12. Qb3 a5 
13. b5 c5 14. Rd1 Qd6 15. O-O Nd7 16. dxc5 Nxc5 17. Qa3 Rfd8 18. Nd4 Rac8 
19. Rc1 Be5 20. g3 Qf6 21. Bg4 Ne6 22. Nc6 Bxc3 23. Rxc3 d4 24. exd4 Bxc6 
25. Rxc6 Qxd4 26. Bxe6 fxe6 27. Qe7 Qd5 28. Rfc1 Rb8 29. Qxe6+ Qxe6 30. Rxe6 Rb7 
31. Rc4 Rd2 32. a4 Rf7 33. f4 Rfd7 34. Rce4 Ra2 35. Re1 Rdd2 36. Rxb6 Rg2+ 
1/2-1/2

[Event "AUT_chT 2012/13"]
[Site "Hohenems"]
[Date "2013.03.22"]
[Round "9"]
[Board "1"]
[White "Antoniewski, Rafal"]
[Black "Erdos, Viktor"]
[Result "1/2-1/2"]
[WhiteElo "2557"]
[BlackElo "2636"]
[PlyCount "63"]
[EventDate "2012.11.02"]
[EventType "team"]
[EventRounds "11"]
[EventCountry "AUT"]
[WhiteTeam "ASVOE Wulkaprodersdorf"]
[BlackTeam "SK Husek Wien"]

1. e4 e6 2. d4 d5 3. Nc3 Bb4 4. exd5 exd5 5. Bd3 c6 6. Nf3 Bg4 
7. O-O Ne7 8. Re1 Nd7 9. Qe2 Nf8 10. Qe3 f6 11. h3 Be6 12. Bd2 Bd6 
13. Na4 b6 14. a3 Kf7 15. Bb4 Neg6 16. Bxd6 Qxd6 17. b4 Nd7 18. Bf1 Rhe8 
19. Qd2 Kf8 20. Nb2 Bf7 21. Rxe8+ Rxe8 22. Re1 Rxe1 23. Nxe1 Nf4 24. c3 Bg6 
25. Ned3 Nxd3 26. Bxd3 Kf7 27. Nd1 Nf8 28. Ne3 Ne6 29. Qd1 b5 30. Nf5 Bxf5 
31. Bxf5 g6 32. Bxe6+ 1/2-1/2

[Event "AUT_chT 2012/13"]
[Site "Hohenems"]
[Date "2013.03.22"]
[Round "9"]
[Board "2"]
[White "Horvath, Jozsef"]
[Black "Polzin, Rainer"]
[Result "1/2-1/2"]
[WhiteElo "2536"]
[BlackElo "2465"]
[PlyCount "80"]
[EventDate "2012.11.02"]
[EventType "team"]
[EventRounds "11"]
[EventCountry "AUT"]
[WhiteTeam "SK Husek Wien"]
[BlackTeam "ASVOE Wulkaprodersdorf"]

1. c4 Nf6 2. g3 c5 3. Bg2 Nc6 4. Nc3 g6 5. e4 Bg7 6. Nge2 O-O 
7. d3 d6 8. O-O a6 9. h3 Ne8 10. Be3 Nd4 11. Rb1 Bd7 12. a4 b5 
13. axb5 axb5 14. Bxd4 cxd4 15. Nxb5 Bxb5 16. cxb5 Ra5 17. b4 Rxb5 18. Qa4 Qb6 
19. Rfc1 d5 20. Nf4 Bh6 21. Nxd5 Rxd5 22. exd5 Bxc1 23. Rxc1 Nd6 24. Rc6 Qb8 
25. Qa5 Qb5 26. Qa7 Qxd3 27. Qxe7 Qb1+ 28. Kh2 Nf5 29. Qc5 Qb2 30. Qc2 Qxb4 
31. h4 Rd8 32. Qe4 Ne7 33. Ra6 Nxd5 34. Qe5 Nc3 35. Qf6 Qf8 36. Ra7 Rd6 
37. Qe5 Rd8 38. Qf6 Rd6 39. Qf4 Rd8 40. Qf6 Rd6 1/2-1/2

[Event "AUT_chT 2012/13"]
[Site "Hohenems"]
[Date "2013.03.22"]
[Round "9"]
[Board "5"]
[White "Thiede, Lars"]
[Black "Wallner, Joachim"]
[Result "1-0"]
[WhiteElo "2441"]
[BlackElo "2378"]
[PlyCount "59"]
[EventDate "2012.11.02"]
[EventType "team"]
[EventRounds "11"]
[EventCountry "AUT"]
[WhiteTeam "ASVOE Wulkaprodersdorf"]
[BlackTeam "SK Husek Wien"]

1. c4 Nf6 2. g3 e6 3. Nf3 b6 4. Bg2 Bb7 5. O-O Be7 6. b3 O-O 
7. Bb2 c5 8. Nc3 d5 9. e3 Nbd7 10. Qe2 Rc8 11. d3 Re8 12. e4 d4 
13. Nd1 Nb8 14. Nd2 Nc6 15. f4 Nd7 16. Nf2 e5 17. Bh3 Ra8 18. Nf3 Bd6 
19. Bxd7 Qxd7 20. f5 f6 21. Nh4 Kf8 22. Qh5 Kg8 23. Bc1 Qf7 24. Qe2 Kf8 
25. g4 Ke7 26. g5 Kd7 27. g6 hxg6 28. fxg6 Qe6 29. Nf5 Kc7 30. Nxg7 1-0

[Event "AUT_chT 2012/13"]
[Site "Hohenems"]
[Date "2013.03.22"]
[Round "9"]
[Board "6"]
[White "Haas, Bernhard"]
[Black "Volkmann, Friedrich Karl"]
[Result "1/2-1/2"]
[WhiteElo "2009"]
[BlackElo "2416"]
[PlyCount "103"]
[EventDate "2012.11.02"]
[EventType "team"]
[EventRounds "11"]
[EventCountry "AUT"]
[WhiteTeam "SK Husek Wien"]
[BlackTeam "ASVOE Wulkaprodersdorf"]

1. d4 d5 2. c4 c6 3. Nf3 Nf6 4. e3 g6 5. Nc3 Bg7 6. Be2 O-O 
7. O-O a6 8. a4 Bf5 9. Qb3 Ra7 10. a5 Ne4 11. cxd5 Nxc3 12. bxc3 cxd5 
13. Ba3 Bc8 14. c4 dxc4 15. Bxc4 Nc6 16. Bc5 Ra8 17. Ng5 Qe8 18. Ra3 h6 
19. Nf3 Kh7 20. h4 Rb8 21. d5 Ne5 22. Nxe5 Bxe5 23. Qb4 Bf6 24. Bxa6 Qd7 
25. d6 exd6 26. Bxd6 Rd8 27. Bxb8 Be7 28. Qb3 Bxa3 29. Bc4 Be7 30. h5 Qf5 
31. Bxf7 Qxh5 32. Bc7 Rf8 33. Qd5 Qg4 34. f3 Qg5 35. Qxg5 Bxg5 36. Bd5 Bxe3+ 
37. Kh1 Rf5 38. Re1 Rh5+ 39. Bh2 Bc5 40. Bc4 Bd6 41. g3 Rxa5 42. Re8 Bh3 
43. Bg1 Bc5 44. Rb8 Ra1 45. Rxb7+ Kh8 46. Kh2 Rxg1 47. Kxh3 Bf2 48. Rb8+ Kg7 
49. Rb7+ Kh8 50. Rb8+ Kg7 51. Rb7+ Kh8 52. Kh2 1/2-1/2

[Event "AUT_chT 2012/13"]
[Site "Hohenems"]
[Date "2013.03.23"]
[Round "10"]
[Board "3"]
[White "Siebrecht, Sebastian"]
[Black "Horvath, Csaba"]
[Result "0-1"]
[WhiteElo "2494"]
[BlackElo "2514"]
[PlyCount "106"]
[EventDate "2012.11.02"]
[EventType "team"]
[EventRounds "11"]
[EventCountry "AUT"]
[WhiteTeam "SK Advisory Invest Baden"]
[BlackTeam "SK Husek Wien"]

1. c4 c5 2. Nc3 g6 3. Nf3 Bg7 4. d4 cxd4 5. Nxd4 Nc6 6. Nc2 Bxc3+ 
7. bxc3 Qa5 8. Qd3 d6 9. e4 Nf6 10. f3 O-O 11. Ne3 Nd7 12. Bd2 Nc5 
13. Qc2 Qa4 14. Qb1 f5 15. exf5 Bxf5 16. Nxf5 Rxf5 17. Be3 Re5 18. Kf2 Rf8 
19. Bxc5 Rxc5 20. Bd3 Ne5 21. Re1 Qa5 22. Qc2 Qb6 23. Kf1 Qc7 24. Rac1 Kg7 
25. Re4 Nxc4 26. Rce1 Ne5 27. c4 b5 28. Qc3 bxc4 29. Bc2 Qa5 30. Qd4 Rd5 
31. Qa1 Kg8 32. f4 Rd2 33. Qc1 Qc3 34. Bb1 Qxc1 35. Rxc1 g5 36. Ke1 Rxg2 
37. fxe5 Rg1+ 38. Kd2 Rf2+ 39. Ke3 Rxc1 40. Kxf2 Rxb1 41. Rxc4 d5 42. Rc7 Kf7 
43. Rxa7 Ke6 44. a4 Rb2+ 45. Kg3 h5 46. a5 Rb3+ 47. Kg2 g4 48. a6 Ra3 
49. h4 gxh3+ 50. Kh2 d4 51. Ra8 Kxe5 52. a7 Ke4 53. Kh1 Kf3 0-1

[Event "AUT_chT 2012/13"]
[Site "Hohenems"]
[Date "2013.03.23"]
[Round "10"]
[Board "5"]
[White "Brandner, Stefan"]
[Black "Wallner, Joachim"]
[Result "0-1"]
[WhiteElo "2271"]
[BlackElo "2378"]
[PlyCount "78"]
[EventDate "2012.11.02"]
[EventType "team"]
[EventRounds "11"]
[EventCountry "AUT"]
[WhiteTeam "SK Advisory Invest Baden"]
[BlackTeam "SK Husek Wien"]

1. d4 d5 2. Nc3 Nf6 3. Bg5 Bf5 4. e3 Nbd7 5. Bd3 Bxd3 6. cxd3 c6 
7. Nf3 e6 8. Ne5 Be7 9. O-O O-O 10. f4 Rc8 11. Rf3 Nxe5 12. dxe5 Nd7 
13. Bxe7 Qxe7 14. Rh3 f5 15. Kh1 g6 16. g4 Qb4 17. gxf5 Rxf5 18. Ne2 Rf7 
19. Nd4 Nf8 20. Qe2 c5 21. Nf3 c4 22. dxc4 Rxc4 23. Rg3 Rfc7 24. Nd4 Rc1+ 
25. Rxc1 Rxc1+ 26. Rg1 Rxg1+ 27. Kxg1 a6 28. Kf2 Kf7 29. a3 Qe7 30. Ke1 Nd7 
31. Qg4 Nc5 32. Kd1 h5 33. Qe2 Ne4 34. Kc2 Qc5+ 35. Kb1 Qc4 36. Qd1 Qf1 
37. Kc1 Qf2 38. Qa4 Qxe3+ 39. Kb1 Qd3+ 0-1

[Event "AUT_chT 2012/13"]
[Site "Hohenems"]
[Date "2013.03.23"]
[Round "10"]
[Board "6"]
[White "Haas, Bernhard"]
[Black "Dzierzenga, Stefan"]
[Result "0-1"]
[WhiteElo "2009"]
[BlackElo "2191"]
[PlyCount "74"]
[EventDate "2012.11.02"]
[EventType "team"]
[EventRounds "11"]
[EventCountry "AUT"]
[WhiteTeam "SK Husek Wien"]
[BlackTeam "SK Advisory Invest Baden"]

1. e4 e6 2. d4 d5 3. Nd2 Nf6 4. e5 Nfd7 5. Bd3 c5 6. c3 Nc6 
7. Ne2 cxd4 8. cxd4 f6 9. exf6 Nxf6 10. O-O Bd6 11. Nf3 O-O 12. Bg5 Qc7 
13. Nc3 a6 14. Bh4 g6 15. Bg3 Nh5 16. Bxd6 Qxd6 17. g3 Ng7 18. a3 Qc7 
19. Rc1 Qb6 20. Na4 Qd8 21. Nc5 Qf6 22. Be2 Nf5 23. Nxa6 Nfxd4 24. Nxd4 Nxd4 
25. Nc7 Ra5 26. Bg4 Bd7 27. b4 Rxa3 28. Nxd5 exd5 29. Bxd7 Ra2 30. Bg4 h5 
31. Rc8 hxg4 32. Qxg4 Ra8 33. Rc7 b5 34. Qd7 Ne2+ 35. Kg2 Qf3+ 36. Kh3 Nf4+ 
37. Kh4 Qh5+ 0-1

[Event "AUT_chT 2012/13"]
[Site "Hohenems"]
[Date "2013.03.23"]
[Round "10"]
[Board "1"]
[White "Rapport, Richard"]
[Black "Antoniewski, Rafal"]
[Result "1/2-1/2"]
[WhiteElo "2646"]
[BlackElo "2557"]
[PlyCount "112"]
[EventDate "2012.11.02"]
[EventType "team"]
[EventRounds "11"]
[EventCountry "AUT"]
[WhiteTeam "SK Sparkasse Fuerstenfeld"]
[BlackTeam "ASVOE Wulkaprodersdorf"]

1. d4 Nf6 2. c4 d6 3. Nc3 g6 4. e4 Bg7 5. Be2 O-O 6. h4 c5 
7. d5 e6 8. h5 exd5 9. hxg6 hxg6 10. exd5 Re8 11. Bg5 Qb6 12. Qd2 Ne4 
13. Nxe4 Rxe4 14. f3 Qxb2 15. Qxb2 Bxb2 16. fxe4 Bxa1 17. Be7 Bc3+ 18. Kd1 Bd7 
19. Bxd6 Ba4+ 20. Kc1 Nd7 21. Rh3 Be5 22. Bxe5 Nxe5 23. Ra3 Bd7 24. Nf3 f6 
25. Nxe5 fxe5 26. Kd2 Kg7 27. Ke3 b6 28. Bf3 a5 29. Rb3 Rb8 30. Rb1 Kf6 
31. Be2 Kg7 32. Bd3 Kh6 33. Bf1 Rf8 34. Be2 Rf6 35. Rd1 Kg7 36. Bf3 g5 
37. Be2 Rf4 38. Rh1 Rf8 39. Bf3 Kg6 40. Bh5+ Kg7 41. Rb1 Rf6 42. Bd1 Kg6 
43. Rb2 Kg7 44. Rd2 Rf1 45. Bf3 Rb1 46. Kf2 g4 47. Be2 Kf6 48. Bd3 Rb4 
49. Ke3 a4 50. Rc2 Ke7 51. g3 Rb1 52. Rh2 Rg1 53. Kf2 Ra1 54. Ke3 Rg1 
55. Kf2 Ra1 56. Ke3 Rg1 1/2-1/2

[Event "AUT_chT 2012/13"]
[Site "Hohenems"]
[Date "2013.03.23"]
[Round "10"]
[Board "2"]
[White "Polzin, Rainer"]
[Black "Hera, Imre"]
[Result "1/2-1/2"]
[WhiteElo "2465"]
[BlackElo "2575"]
[PlyCount "34"]
[EventDate "2012.11.02"]
[EventType "team"]
[EventRounds "11"]
[EventCountry "AUT"]
[WhiteTeam "ASVOE Wulkaprodersdorf"]
[BlackTeam "SK Sparkasse Fuerstenfeld"]

1. e4 c6 2. d4 d5 3. e5 Bf5 4. Nd2 e6 5. Nb3 Nd7 6. Be3 Qb6 
7. a4 a5 8. f4 Bb4+ 9. c3 Be7 10. Nf3 h5 11. Be2 Nh6 12. O-O Bg6 
13. Kh1 h4 14. Bf2 Ng4 15. Bg1 Nh6 16. Bf2 Ng4 17. Bg1 Nh6 1/2-1/2

[Event "AUT_chT 2012/13"]
[Site "Hohenems"]
[Date "2013.03.23"]
[Round "10"]
[Board "3"]
[White "Szabo Gergely, Andras Gyula"]
[Black "Schneider, Ilja"]
[Result "1-0"]
[WhiteElo "2545"]
[BlackElo "2492"]
[PlyCount "61"]
[EventDate "2012.11.02"]
[EventType "team"]
[EventRounds "11"]
[EventCountry "AUT"]
[WhiteTeam "SK Sparkasse Fuerstenfeld"]
[BlackTeam "ASVOE Wulkaprodersdorf"]

1. e4 d6 2. d4 Nf6 3. f3 c5 4. d5 e6 5. c4 exd5 6. cxd5 g6 
7. Nc3 Bg7 8. Be3 O-O 9. Qd2 Re8 10. Nge2 Nbd7 11. a4 a6 12. Ng3 Nh5 
13. Nxh5 gxh5 14. Be2 f5 15. O-O Ne5 16. Kh1 Rf8 17. f4 Ng4 18. e5 dxe5 
19. Bxc5 Re8 20. Bxg4 hxg4 21. fxe5 Bxe5 22. Rae1 Bd7 23. d6 Qf6 24. Qd5+ Kh8 
25. Qxb7 Rad8 26. Nd5 Qh6 27. Rxe5 Rxe5 28. Bd4 Qxd6 29. Re1 Rde8 30. Rxe5 Rxe5 
31. Qxd7 1-0

[Event "AUT_chT 2012/13"]
[Site "Hohenems"]
[Date "2013.03.23"]
[Round "10"]
[Board "4"]
[White "Abel, Dennes"]
[Black "Farago, Ivan"]
[Result "1/2-1/2"]
[WhiteElo "2450"]
[BlackElo "2472"]
[PlyCount "101"]
[EventDate "2012.11.02"]
[EventType "team"]
[EventRounds "11"]
[EventCountry "AUT"]
[WhiteTeam "ASVOE Wulkaprodersdorf"]
[BlackTeam "SK Sparkasse Fuerstenfeld"]

1. e4 e6 2. d4 d5 3. Nc3 Bb4 4. e5 c5 5. a3 Bxc3+ 6. bxc3 Qa5 
7. Bd2 Qa4 8. Qb1 c4 9. h4 Nc6 10. h5 h6 11. Nf3 Bd7 12. g3 O-O-O 
13. Bh3 Qa5 14. Kf1 Nge7 15. Qe1 Rdg8 16. Bg2 Nf5 17. Bf4 Qd8 18. Qd2 Kb8 
19. Nh4 Nxh4 20. Rxh4 Ka8 21. Rh1 Qe7 22. Ke2 b5 23. Bf3 Rb8 24. g4 Rbe8 
25. Rhb1 f6 26. Qe3 Rhf8 27. Bg3 fxe5 28. dxe5 Rb8 29. Bg2 Rb6 30. Kf1 Ra6 
31. Rxb5 Rxa3 32. Rab1 Rb8 33. Rxb8+ Nxb8 34. f4 Ra5 35. f5 Rb5 36. Rxb5 Bxb5 
37. Qf4 Nd7 38. Kg1 Bc6 39. fxe6 Qxe6 40. g5 a5 41. gxh6 gxh6 42. Kh2 a4 
43. Bh3 Qxe5 44. Qxh6 Qe2+ 45. Bg2 Kb7 46. Qd6 Qxh5+ 47. Kg1 Qd1+ 48. Kh2 Qh5+ 
49. Kg1 Qd1+ 50. Bf1 Kb6 51. Bf2+ 1/2-1/2

[Event "AUT_chT 2012/13"]
[Site "Hohenems"]
[Date "2013.03.23"]
[Round "10"]
[Board "6"]
[White "Volkmann, Friedrich Karl"]
[Black "Postl, Anton"]
[Result "1-0"]
[WhiteElo "2416"]
[BlackElo "2259"]
[PlyCount "65"]
[EventDate "2012.11.02"]
[EventType "team"]
[EventRounds "11"]
[EventCountry "AUT"]
[WhiteTeam "ASVOE Wulkaprodersdorf"]
[BlackTeam "SK Sparkasse Fuerstenfeld"]

1. e4 c5 2. Nf3 d6 3. d4 cxd4 4. Nxd4 Nf6 5. Nc3 a6 6. Be2 e5 
7. Nb3 Be7 8. Be3 O-O 9. g4 Be6 10. g5 Ne8 11. Qd2 Nc7 12. O-O-O a5 
13. a4 Nc6 14. h4 Nb4 15. f4 exf4 16. Bxf4 Bxb3 17. cxb3 Ne6 18. Bxd6 Nc5 
19. Bxc5 Bxc5 20. Bc4 Qxd2+ 21. Kxd2 Bd4 22. Rhf1 Rad8 23. Ke2 g6 24. Nb5 Nc6 
25. Nxd4 Nxd4+ 26. Ke3 Nc2+ 27. Kf4 Nd4 28. Bd5 Nc6 29. Rc1 Rd6 30. Rc5 Rfd8 
31. Ke3 R8d7 32. Rf6 Rxf6 33. gxf6 1-0

[Event "AUT_chT 2012/13"]
[Site "Hohenems"]
[Date "2013.03.23"]
[Round "10"]
[Board "1"]
[White "Polak, Thomas"]
[Black "Ragger, Markus"]
[Result "0-1"]
[WhiteElo "2520"]
[BlackElo "2655"]
[PlyCount "92"]
[EventDate "2012.11.02"]
[EventType "team"]
[EventRounds "11"]
[EventCountry "AUT"]
[WhiteTeam "SK Zwettl"]
[BlackTeam "SK MPOE Maria Saal"]

1. d4 d5 2. c4 c6 3. Nc3 Nf6 4. cxd5 cxd5 5. Bf4 Nc6 6. e3 Bf5 
7. Nf3 e6 8. Qb3 Bb4 9. Ne5 Bxc3+ 10. bxc3 Nxe5 11. Bxe5 O-O 12. Be2 Rc8 
13. O-O Ne4 14. Rfc1 Qh4 15. Bg3 Qe7 16. c4 Nd2 17. Qa4 Nxc4 18. Bxc4 dxc4 
19. Rxc4 Bd3 20. Qb4 Qxb4 21. Rxb4 b6 22. Ra4 a5 23. d5 exd5 24. Rd4 Bc4 
25. a4 Bb3 26. h4 Rc3 27. Kh2 Rfc8 28. Ra3 f6 29. Bf4 Bc2 30. Ra2 R3c4 
31. Rb2 Rxd4 32. exd4 Rc6 33. Rb5 Bxa4 34. Rxd5 Bb3 35. Rd7 a4 36. d5 Rc4 
37. Be3 a3 38. Ra7 a2 39. d6 Rc6 40. Bf4 Rc4 41. Be3 Rc6 42. Bf4 Rc3 
43. h5 Rd3 44. h6 gxh6 45. Bxh6 Rxd6 46. Bc1 b5 0-1

[Event "AUT_chT 2012/13"]
[Site "Hohenems"]
[Date "2013.03.23"]
[Round "10"]
[Board "3"]
[White "Blatny, Pavel"]
[Black "Buhmann, Rainer"]
[Result "0-1"]
[WhiteElo "2420"]
[BlackElo "2593"]
[PlyCount "56"]
[EventDate "2012.11.02"]
[EventType "team"]
[EventRounds "11"]
[EventCountry "AUT"]
[WhiteTeam "SK Zwettl"]
[BlackTeam "SK MPOE Maria Saal"]

1. b3 e5 2. Bb2 Nc6 3. e3 Nf6 4. g3 d5 5. Bg2 Bg4 6. Ne2 Qd7 
7. h3 Be6 8. d3 d4 9. e4 g5 10. Nd2 O-O-O 11. a3 h5 12. Nf3 g4 
13. hxg4 Nxg4 14. Nh4 Ne7 15. Ng1 Bh6 16. Bc1 f5 17. Bxh6 Rxh6 18. Qe2 fxe4 
19. Bxe4 Nd5 20. Bg2 Nc3 21. Qd2 Bd5 22. Nh3 Bxg2 23. Nxg2 e4 24. O-O Ne5 
25. Ng5 Qg4 26. dxe4 Ne2+ 27. Qxe2 Qxe2 28. f4 Qg4 0-1

[Event "AUT_chT 2012/13"]
[Site "Hohenems"]
[Date "2013.03.23"]
[Round "10"]
[Board "4"]
[White "Pavasovic, Dusko"]
[Black "Schroll, Gerhard"]
[Result "1-0"]
[WhiteElo "2557"]
[BlackElo "2403"]
[PlyCount "81"]
[EventDate "2012.11.02"]
[EventType "team"]
[EventRounds "11"]
[EventCountry "AUT"]
[WhiteTeam "SK MPOE Maria Saal"]
[BlackTeam "SK Zwettl"]

1. e4 e6 2. d4 d5 3. Nd2 c5 4. Ngf3 cxd4 5. exd5 Qxd5 6. Bc4 Qd6 
7. O-O Nf6 8. Nb3 Nc6 9. Nbxd4 Nxd4 10. Nxd4 Be7 11. Be3 Bd7 12. Qf3 Qc7 
13. Bb3 O-O 14. Rfe1 Bd6 15. Qh3 Bc5 16. Qh4 e5 17. Nf3 e4 18. Bf4 Qb6 
19. Nd2 Rfe8 20. Nc4 Qa6 21. Rad1 Be6 22. Nd6 Bxd6 23. Rxd6 Qa5 24. Red1 Rad8 
25. Bxe6 fxe6 26. h3 Rxd6 27. Rxd6 Qb4 28. c3 Qxb2 29. Be5 Rf8 30. Rxe6 e3 
31. fxe3 Qc1+ 32. Kh2 Qxe3 33. Qc4 Qe4 34. Qb3 Nd5 35. Qxb7 Nf6 36. Qb3 Kh8 
37. Bd6 Qh4 38. Bxf8 Ng4+ 39. Kh1 Nf2+ 40. Kg1 Qg3 41. Bxg7+ 1-0

[Event "AUT_chT 2012/13"]
[Site "Hohenems"]
[Date "2013.03.23"]
[Round "10"]
[Board "6"]
[White "Halvax, Georg"]
[Black "Buchnicek, Petr"]
[Result "1/2-1/2"]
[WhiteElo "2282"]
[BlackElo "2352"]
[PlyCount "158"]
[EventDate "2012.11.02"]
[EventType "team"]
[EventRounds "11"]
[EventCountry "AUT"]
[WhiteTeam "SK MPOE Maria Saal"]
[BlackTeam "SK Zwettl"]

1. e4 c6 2. d4 d5 3. e5 Bf5 4. h4 h5 5. c4 e6 6. Nc3 Nd7 
7. cxd5 cxd5 8. Bd3 Bxd3 9. Qxd3 Ne7 10. Bg5 Qb6 11. Nge2 Nc6 12. O-O Be7 
13. Bxe7 Nxe7 14. Nf4 g6 15. Rac1 O-O 16. Nb5 Nf5 17. Rfd1 Rfc8 18. Rc3 a6 
19. Nd6 Rxc3 20. bxc3 Nxd6 21. exd6 Nf8 22. Qg3 Qxd6 23. Nxh5 Qxg3 24. Nxg3 Rc8 
25. Ne2 Rc4 26. Rb1 b5 27. Rb4 Nd7 28. Kf1 Nb6 29. Ke1 Rc8 30. Kd2 Kg7 
31. Ng1 Rh8 32. Nf3 f6 33. Kd3 Kf7 34. Rb1 Ke7 35. g4 Kd6 36. Rh1 Nd7 
37. h5 gxh5 38. gxh5 Rh6 39. Nd2 e5 40. Ke3 Ke6 41. Nb3 Kf5 42. f3 Rh7 
43. h6 Nf8 44. Nc5 Ra7 45. dxe5 fxe5 46. Rh5+ Kf6 47. Nd3 Re7 48. Nb4 Ke6 
49. Nxa6 Nh7 50. Nb4 Nf6 51. Nc6 Rh7 52. Rxe5+ Kd6 53. Rf5 Rxh6 54. Ne5 Ke6 
55. Ng4 Nxg4+ 56. fxg4 Rh1 57. Kd4 Rd1+ 58. Kc5 Rd2 59. a3 Ra2 60. Rxd5 Rxa3 
61. Rd6+ Ke5 62. Rd5+ Ke6 63. Rd3 Rb3 64. Kd4 Kf6 65. Re3 Kg5 66. Re4 Rb1 
67. Kd3 Rd1+ 68. Kc2 Rg1 69. Rb4 Kf6 70. Rxb5 Rxg4 71. Rd5 Ke6 72. Rd3 Rg8 
73. c4 Rc8 74. Kc3 Ke5 75. Rd5+ Ke6 76. Kd4 Rc7 77. c5 Rd7 78. Rxd7 Kxd7 
79. c6+ Kxc6 1/2-1/2

[Event "AUT_chT 2012/13"]
[Site "Hohenems"]
[Date "2013.03.23"]
[Round "10"]
[Board "1"]
[White "Bosiocic, Marin"]
[Black "Baramidze, David"]
[Result "1/2-1/2"]
[WhiteElo "2571"]
[BlackElo "2612"]
[PlyCount "60"]
[EventDate "2012.11.02"]
[EventType "team"]
[EventRounds "11"]
[EventCountry "AUT"]
[WhiteTeam "ASVOE Fundermax St.Veit"]
[BlackTeam "SK Hohenems"]

1. e4 e5 2. Nf3 Nc6 3. Nc3 Nf6 4. Bb5 Bb4 5. O-O O-O 6. d3 d6 
7. Bg5 Bxc3 8. bxc3 Qe7 9. Re1 Nd8 10. d4 Ne6 11. Bd2 Rd8 12. Rb1 Nf8 
13. Nh4 c6 14. Bd3 h6 15. Qf3 Rb8 16. Nf5 Bxf5 17. exf5 Re8 18. g4 e4 
19. Qg2 d5 20. Rb3 c5 21. dxc5 N8d7 22. Be2 Nxc5 23. Rb4 Rbd8 24. Be3 b6 
25. Qg3 Nfd7 26. Rd1 Nf6 27. h3 Ncd7 28. Bd4 Ne5 29. Rb3 Nfd7 30. Kg2 Nc5 
1/2-1/2

[Event "AUT_chT 2012/13"]
[Site "Hohenems"]
[Date "2013.03.23"]
[Round "10"]
[Board "2"]
[White "Rozentalis, Eduardas"]
[Black "Prohaszka, Peter"]
[Result "1/2-1/2"]
[WhiteElo "2616"]
[BlackElo "2562"]
[PlyCount "120"]
[EventDate "2012.11.02"]
[EventType "team"]
[EventRounds "11"]
[EventCountry "AUT"]
[WhiteTeam "SK Hohenems"]
[BlackTeam "ASVOE Fundermax St.Veit"]

1. e4 c6 2. c4 d5 3. exd5 Nf6 4. Nc3 cxd5 5. cxd5 Nxd5 6. Nf3 Nc6 
7. d4 Bg4 8. Qb3 Bxf3 9. gxf3 e6 10. Qxb7 Nxd4 11. Bb5+ Nxb5 12. Qc6+ Ke7 
13. Qxb5 Qd7 14. a4 a6 15. Qe2 f6 16. O-O Kf7 17. Rd1 Be7 18. Nxd5 exd5 
19. Qd3 Rhd8 20. Qxh7 Rh8 21. Qd3 Rh5 22. Bf4 Bd6 23. Bg3 Rah8 24. Rd2 Qh3 
25. f4 Qg4 26. Qb3 Rb8 27. Qd1 Qxd1+ 28. Raxd1 Ke6 29. Rc2 Kd7 30. Rd4 Rf5 
31. Kg2 Rb3 32. Kf1 Bc7 33. Ke2 Bb6 34. Rd3 Rb4 35. b3 Bc7 36. Rc5 Kd6 
37. Rdc3 Bb6 38. Rc8 d4 39. Rd3 Rc5 40. Rb8 Kd5 41. f3 Ba5 42. Rh8 Rb7 
43. Bf2 Rc2+ 44. Kf1 Bc3 45. Bxd4 Bxd4 46. Rd8+ Ke6 47. R8xd4 Rxh2 48. Rd5 Rb2 
49. f5+ Ke7 50. Ra5 R2xb3 51. Rxb3 Rxb3 52. Kf2 Rb6 53. Kg3 Kf7 54. Kg4 g5 
55. fxg6+ Kxg6 56. f4 Rc6 57. Rd5 Rc4 58. a5 Ra4 59. Rc5 Ra3 60. Rd5 Ra4 
1/2-1/2